00342 a2200109 4500082001500000100001600015245007500031250001400106260003600120300003400156650004200190 a333.91 PUN aPunmia, B.C aIrrigation and Water Power EngineeringcB. C. Punimia, Pande B. B. Lal a12th. ed. aJodhpurbJ N V Universityc1992 axviii, 976p. :bill. 'c20 cm aIrrigation -- water power engineering